Online Catalogue and eLibrary

NGO (Record no. 6050)

MARC details
000 -LEADER
fixed length control field 00350nam a22001457a 4500
005 - DATE AND TIME OF LATEST TRANSACTION
control field 20250516032350.0
008 - FIXED-LENGTH DATA ELEMENTS--GENERAL INFORMATION
fixed length control field 250516b |||||||| |||| 00| 0 eng d
020 ## - INTERNATIONAL STANDARD BOOK NUMBER
ISBN 9559102103
082 ## - DDC Classification
DDC Edition Number 22
Class No. 300
Item Number - Author Mark NGO
245 ## - TITLE STATEMENT
Title NGO
Remainder of title Billa
260 ## - PUBLICATION, DISTRIBUTION, ETC.
Place of publication, distribution, etc. Colombo
Name of publisher, distributor, etc. Social Scientist Association
Date of publication, distribution, etc. 1997
300 ## - PHYSICAL DESCRIPTION
Extent (e.g. Volumes, Pages etc.) 39 p .,
500 ## - GENERAL NOTE
General note Book on NGO's
942 ## - Koha item type (Biblio)
Koha item type Books in Stacks (Lending)
Holdings
Lost status Damaged status Collection code Home library Current library Date acquired Full call number Accession Number Item type
    Lending WERC Library WERC Library 05/16/2025 300 NGO 6772 Books in Stacks (Lending)

© WERC Library